| 000 | 00379nam a2200145Ia 4500 | ||
|---|---|---|---|
| 005 | 20250624034303.0 | ||
| 008 | 240331s9999 xx 000 0 und d | ||
| 020 | _a9559513624 | ||
| 082 |
_bDEC _a340 |
||
| 100 | _aDe Costa,J | ||
| 245 | 0 | _aSri Lankawe roma landesi neethiya saha engreesi neethiya | |
| 260 |
_aColombo _bJayatissa De Costa _c1993 |
||
| 300 | _a62 p ., | ||
| 942 | _cL | ||
| 999 |
_c5094 _d5094 |
||